| 000 | 00701nam a2200157Ia 4500 | ||
|---|---|---|---|
| 008 | 151213s9999 xx 000 0 und d | ||
| 020 | _a984-07-3742-2 | ||
| 100 | _aমোহাম্মদ সিদ্দিকুর রহমান। | ||
| 245 |
_aপ্রথম চেীধুর্ ীবাংলা ভাষা ও গদ্যচিন্তা। _cমোহাম্মদ সিদ্দিকুর রহমান। |
||
| 260 |
_aঢাকা _bবাংলা একাডেমী। _c1998 |
||
| 300 | _a8525 p. | ||
| 650 | _aBengali Literature | ||
| 650 | _aBengali Literature | ||
| 700 | _aমোহাম্মদ সিদ্দিকুর রহমান। | ||
| 999 |
_c4362 _d4362 |
||